El racionalismo en la política y otros ensayos
Na minha lista:
| Autor principal: | |
|---|---|
| Outros Autores: | |
| Formato: | Livro |
| Idioma: | espanhol |
| Publicado em: |
Ciudad de México
Fondo de Cultura Económica
2000
|
| Edição: | 1a. ed |
| Colecção: | Sección de Obras de Política y Derecho
|
| Assuntos: | |
| Tags: |
Adicionar Tag
Sem tags, seja o primeiro a adicionar uma tag!
|
MARC
| LEADER | 00000cam a2200000 a 4500 | ||
|---|---|---|---|
| 001 | UCD3872 | ||
| 003 | CL-VaPUC | ||
| 005 | 20230411074554.0 | ||
| 008 | 160616e20000000mx |||||||||||||||||spa|d | ||
| 999 | |c 364887 |d 364885 | ||
| 020 | |a 9681657489 | ||
| 040 | |c Pontificia Universidad Católica de Valparaíso | ||
| 082 | 0 | 4 | |a 320.01 |b OAK |2 21 |
| 100 | |a Oakeshott, Michael |e autor |9 587496 | ||
| 245 | 1 | 3 | |a El racionalismo en la política y otros ensayos |
| 250 | |a 1a. ed | ||
| 260 | |a Ciudad de México |b Fondo de Cultura Económica |c 2000 | ||
| 300 | |a 510 p | ||
| 490 | 0 | |a Sección de Obras de Política y Derecho | |
| 583 | |a last modification |c 20160616 22:39:00 |k Rodrigo Vera | ||
| 650 | 0 | |a Racionalismo |9 259116 | |
| 650 | 7 | |a FILOSOFIA POLITICA |2 CL-VaPUC |9 587497 | |
| 650 | 0 | |a Ensayos |9 268724 | |
| 700 | |a Fuller, Timothy |e prólogo |9 876902 | ||
| 942 | |c BK |2 ddc | ||
| 945 | |d 20160616 22:39:00 |a arojas | ||
| 952 | |0 0 |1 0 |3 erb |4 0 |6 320_010000000000000_OAK_2000 |7 0 |8 A |9 478487 |a FDOHBE |b FDOHBE |e Huesbe Llanos, Marco Antonio, 1934- |i 5310229 |o 320.01 OAK 2000 |p 5310229 |r 2024-01-30 |w 2019-11-24 |y BK |z Catalogado en:20160616 |k HBE | ||